• 首页
  • 本馆介绍
  • 公告通知
  • 最新文献
  • 馆藏检索
  • 电子资源
  • 读者导购
  • 参考咨询
  • 我的图书馆
  • 登录
  • 详细信息显示
  • 放入我的书架
  • 预约/预借图书
  • 作者相关作品
  • 分类相关作品
  • 丛书相关作品
  • 出版社相关作品

书目信息

  • 表格格式
  • 工作单格式
  • 卡片格式
题名:
蒙台梭利儿童趣味活动200例
    
 
作者: 圣蒂尼 , 卡赫尔 编著 ;曲昀 , 靳鹈菩 译
分册:  
出版信息: 合肥   中国科学技术大学出版社  2021.5
页数: 250页
开本: 21cm
丛书名:
单 册:
中图分类: G613.7 , G624.83
科图分类:
主题词: 智力游戏--学前教育--教学参考资料 , 智力游戏--小学--教学参考资料
电子资源:
ISBN: 978-7-312-05087-9
000 01384nam0 2200325 45
001 012001002148
005 20140821174229.0
010    @a978-7-312-05087-9@dCNY45.00
100    @a20210625d2021 em y0chiy0110 ea
101 1  @achi@cfre
102    @aCN@b340000
105    @aa z 001yy
106    @ar
200 1  @a蒙台梭利儿童趣味活动200例@Ameng tai suo li er tong qu wei huo dong 200 li@f(法)塞利娜·圣蒂尼, (法)万杜拉·卡赫尔编著@g曲昀, 靳鹈菩译
210    @a合肥@c中国科学技术大学出版社@d2021.5
215    @a250页@c图@d21cm
300    @a并列题名:Pedagogie Montessori a la maison: 200 activites
312    @a版权页法文题名:La pedagogie Montessori a la maison: 200 activites
330    @a本书针对0-12岁的儿童设计了200例活动,依次围绕以下几个主题:自然启蒙(让种子萌芽、观察蜜蜂等)、文化与世界启蒙(考古学启蒙、创作动画等)、肢体及五感开发(嗅觉感知、重力测试等)、生活实践启蒙(玩磁铁、核桃分类等)。
510 1  @aPedagogie Montessori a la maison: 200 activites@zfre
606 0  @a智力游戏@x学前教育@j教学参考资料
606 0  @a智力游戏@x小学@j教学参考资料
690    @aG613.7@v5
690    @aG624.83@v5
701  1 @c(法)@a圣蒂尼@Asheng di ni@g(Santini, Celine)@4编著
701  1 @c(法)@a卡赫尔@Aka he er@g(Kachel, Vendula)@4编著
702  0 @a曲昀@Aqu yun@4译
702  0 @a靳鹈菩@Ajin ti pu@4译
801    @aCN@bAHXH@c20210922
905    @b1253564-8@dG613.7@e2039@f5
    
    蒙台梭利儿童趣味活动200例/(法)塞利娜·圣蒂尼, (法)万杜拉·卡赫尔编著/曲昀, 靳鹈菩译.-合肥:中国科学技术大学出版社,2021.5
    250页:图;21cm
    并列题名:Pedagogie Montessori a la maison: 200 activites
    
    ISBN 978-7-312-05087-9:CNY45.00
    本书针对0-12岁的儿童设计了200例活动,依次围绕以下几个主题:自然启蒙(让种子萌芽、观察蜜蜂等)、文化与世界启蒙(考古学启蒙、创作动画等)、肢体及五感开发(嗅觉感知、重力测试等)、生活实践启蒙(玩磁铁、核桃分类等)。
●
相关链接 在E读中查询图书 在五车中查询图书 在当当中查询图书 在豆瓣中查询图书


正题名:蒙台梭利儿童趣味活动200例     索取号:G613.7/2039         预约/预借

序号 登录号 条形码 馆藏地/架位号 状态 备注
1 1253564   212535648   第一样本阅览室/ [索取号:G613.7/2039] 在馆    
2 1253565   212535657   教育系资料室/ [索取号:G613.7/2039] 在馆    
3 1253566   212535666   教育系资料室/ [索取号:G613.7/2039] 在馆    
4 1253567   212535675   第四借阅区/ [索取号:G613.7/2039] 在馆    
5 1253568   212535684   第四借阅区/ [索取号:G613.7/2039] 在馆    
欢迎您!
大连网信软件有限公司© 版权所有